000 01185cad a22002055a 4500
001 L156922
008 120730s2012 xxk f 000 0 eng d
035 _a(Sirsi) u156922
041 0 _aeng
110 2 _aUnited Kingdom
_bDepartment of Energy and Climate Change
_95850
245 0 0 _aGuidance to English Energy Conservation authorities issued persuant to the Home Energy Conservation Act 1995
_h[electronic resource]
260 _aLondon
_bDECC
_c2012
520 _aNew guidance published to help local authorities in England improve the energy efficiency of their residential housing. The guidance, issued under the Home Energy Conservation Act 1995 asks local authorities to publish a report on plans to achieve improved energy efficiency by 31 March 2013. The Green Deal will be significant in helping local authorities achieve their aims.
590 _aKA NTK
651 4 _aUnited Kingdom
690 _aSustainability
_96271
690 _aEnvironment
_96238
856 4 0 _uhttps://www.decc.gov.uk/assets/decc/11/tackling-climate-change/saving-energy-co2/5992-guidance-to-english-energy-conservation-authoritie.pdf
_zView the item free of charge at www.decc.gov.uk
942 _n0
999 _c114490
_d114490